| 000 | 00894nas a2200265 4500 | ||
|---|---|---|---|
| 001 | BR2013008461 | ||
| 003 | BR-BrBNA | ||
| 005 | 20231205123108.0 | ||
| 007 | ta | ||
| 008 | 230509b bl.|||p| |||| 00| 00por d | ||
| 040 |
_aBR-BrBNA _bpor _cBiblioteca Nacional de Agricultura |
||
| 041 | _a(Pt) | ||
| 072 | _aP33 | ||
| 100 | 1 | _aVarejão, E.V.V. | |
| 100 | 1 | _aBellato, C.R. | |
| 100 | 1 | _aMello, J.W.V. de | |
| 100 | 1 | _aFontes, M.P.F. | |
| 245 | 1 | _aOtimização das condições de pré-redução do As (V)em extratos do método BCR para quantificação de As por HG-AAS | |
| 650 | _aQUÍMICA DO SOLO | ||
| 650 | _aARSÊNICO | ||
| 773 | 0 |
_tRevista Brasileira de Ciência do Solo (Brazil) _xISSN 0100-0683 _g(Jul-Aug 2009), v. 33(4) p. 875-883 _wBR2013008461 |
|
| 856 | 4 | 0 | _uhttp://www.scielo.br/pdf/rbcs/v33n4/12.pdf |
| 909 |
_a202311 _bLúcia _c55 _dLúcia Elande |
||
| 942 |
_2AGRIS _n0 _cANA |
||
| 999 |
_c232152 _d232152 |
||